Detalles MARC
| 000 -CABECERA |
| campo de control de longitud fija |
02152nam a2200373 i 4500 |
| 001 - NÚMERO DE CONTROL |
| campo de control |
000044108 |
| 003 - IDENTIFICADOR DEL NÚMERO DE CONTROL |
| campo de control |
DO-SdBNP |
| 005 - FECHA Y HORA DE LA ÚLTIMA TRANSACCIÓN |
| campo de control |
20250314113209.0 |
| 006 - CÓDIGOS DE INFORMACIÓN DE LONGITUD FIJA--CARACTERÍSTICAS DEL MATERIAL ADICIONAL |
| campo de control de longitud fija |
a||||gr|||| 00| 0 |
| 007 - CAMPO FIJO DE DESCRIPCIÓN FÍSICA--INFORMACIÓN GENERAL |
| campo de control de longitud fija |
ta |
| 008 - DATOS DE LONGITUD FIJA--INFORMACIÓN GENERAL |
| campo de control de longitud fija |
140516t1987 sp aoc 001 0 spa d |
| 020 ## - NÚMERO INTERNACIONAL ESTÁNDAR DEL LIBRO |
| Número Internacional Estándar del Libro |
8423969495 |
| 040 ## - FUENTE DE LA CATALOGACIÓN |
| Centro catalogador/agencia de origen |
DO-SdBNP |
| Lengua de catalogación |
spa |
| Centro/agencia transcriptor |
BNPHU |
| Normas de descripción |
rda |
| 041 ## - CÓDIGO DE LENGUA |
| Código de lengua del texto/banda sonora o título independiente |
spa |
| 082 #4 - NÚMERO DE LA CLASIFICACIÓN DECIMAL DEWEY |
| Número de clasificación |
333.703 |
| Número de documento/Ítem |
D545n |
| Número de edición |
22 |
| 245 00 - MENCIÓN DE TÍTULO |
| Título |
Diccionario de la naturaleza : |
| Resto del título |
hombre, ecología, paisaje / |
| Mención de responsabilidad, etc. |
Estructura y coordinador, Ángel Ramos; Miguel Aguiló Alonso, Miguel Aguiló Alonso, Luis Andrés Oriver, María Paz Aramburu Maqua, Victor Manuel Castillo Sánchez, Adolfo Cazorla Montero, Antonio Día Segovia... [y otros]. |
| 264 #4 - PRODUCCIÓN, PUBLICACIÓN, DISTRIBUCIÓN, FABRICACIÓN Y COPYRIGHT |
| Producción, publicación, distribución, fabricación y copyright |
Madrid : |
| Nombre del de productor, editor, distribuidor, fabricante |
Espasa Calpe, |
| Fecha de producción, publicación, distribución, fabricación o copyright |
©1987 |
| 300 ## - DESCRIPCIÓN FÍSICA |
| Extensión |
xvi, 1016 páginas : |
| Otras características físicas |
ilustraciones, fotografías, mapas, gráficas, retratos ; |
| Dimensiones |
26 cm. |
| 336 ## - TIPO DE CONTENIDO |
| Fuente |
rdacontent |
| Término de tipo de contenido |
texto |
| Código de tipo de contenido |
txt |
| 337 ## - TIPO DE MEDIO |
| Fuente |
rdamedia |
| Nombre/término del tipo de medio |
sin mediación |
| Código del tipo de medio |
n |
| 338 ## - TIPO DE SOPORTE |
| Fuente |
rdacarrier |
| Nombre/término del tipo de soporte |
volumen |
| Código del tipo de soporte |
nc |
| 505 ## - NOTA DE CONTENIDO CON FORMATO |
| Nota de contenido con formato |
Medio biofísico. Naturaleza. Ecosfera. |
| Título |
Acciones humanas en relación con la naturaleza. Noosfera. Antroposfera. |
| -- |
1. Atmósfera.-- 2. Hidrósfera.-- 3. Geosfera.-- 4. Biosfera.-- 5. Procesos.-- 6. Recursos naturales: Fuentes de energía.-- 7. Actividades humanas, uso del suelo.-- 8. Efecto de las acciones humanas.-- 9. Problemas relevantes.-- 10. El enfoque sistémico.-- 11. La percepción de la naturaleza. Los movimientos ecologistas. 12. Protección de la naturaleza Figuras, programas. entidades.-- 12. Protección de la naturaleza. Figuras.-- 13. Medidas correctoras.-- 14. Modelos y técnicas del enfoque sistemático. |
| 590 ## - NOTA LOCAL (RLIN) |
| Nota local |
Inventariado 2024 / MF |
| 650 #0 - PUNTO DE ACCESO ADICIONAL DE MATERIA--TÉRMINO DE MATERIA |
| Término de materia o nombre geográfico como elemento de entrada |
Conservación de los recursos naturales |
| Subdivisión de forma |
Diccionarios |
| 9 (RLIN) |
1562 |
| 700 1# - PUNTO DE ACCESO ADICIONAL--NOMBRE DE PERSONA |
| Nombre de persona |
Ramos, Ángel, |
| 9 (RLIN) |
72105 |
| Término indicativo de función/relación |
coordinador |
| 700 1# - PUNTO DE ACCESO ADICIONAL--NOMBRE DE PERSONA |
| Nombre de persona |
Aguiló Alonso, Miguel, |
| Término indicativo de función/relación |
autor |
| 9 (RLIN) |
86185 |
| 700 1# - PUNTO DE ACCESO ADICIONAL--NOMBRE DE PERSONA |
| Nombre de persona |
Oriver, Luis Andrés, |
| Término indicativo de función/relación |
autor |
| 9 (RLIN) |
86192 |
| 700 1# - PUNTO DE ACCESO ADICIONAL--NOMBRE DE PERSONA |
| Nombre de persona |
Aramburu Maqua, María Paz, |
| Término indicativo de función/relación |
autor |
| 9 (RLIN) |
86193 |
| 700 1# - PUNTO DE ACCESO ADICIONAL--NOMBRE DE PERSONA |
| Nombre de persona |
Castillo Sánchez, Víctor Manuel, |
| Término indicativo de función/relación |
autor |
| 9 (RLIN) |
86194 |
| 700 1# - PUNTO DE ACCESO ADICIONAL--NOMBRE DE PERSONA |
| Nombre de persona |
Cazorla Montero, Adolfo, |
| Término indicativo de función/relación |
autor |
| 9 (RLIN) |
86195 |
| 700 1# - PUNTO DE ACCESO ADICIONAL--NOMBRE DE PERSONA |
| Nombre de persona |
Día Segovia, Antonio, |
| Término indicativo de función/relación |
autor |
| 9 (RLIN) |
86196 |
| 910 ## - DATOS DE OPCIÓN DEL USUARIO (OCLC) |
| Datos de opción del usuario |
Validado. Control de Calidad/MAA |
| 942 ## - ELEMENTOS DE PUNTO DE ACCESO ADICIONAL (KOHA) |
| Fuente del sistema de clasificación o colocación |
Dewey Decimal Classification |
| Tipo de ítem Koha |
Libro |